000 00457nam a2200181Ia 4500
008 151202s9999||||xx |||||||||||||| ||und||
082 _bPNVM-83106
100 _aSTINE . L.R.
245 4 _aThe Cuckoo clock of doom.
260 _bSCHOLASTIC PRESS NEW YORK.
260 _c1995
300 _a118
600 _aSTINE . L.R.
630 _aThe Cuckoo clock of doom.
700 _aSTINE . L.R.
730 _aThe Cuckoo clock of doom.
942 _cBOOK
999 _c1347819
_d1347816